Československá daňová reforma. 1.

Zahájenie seriálu, v ktorom budú predstavené jednotlivé dane platné od r. 1993. Úvodné štyri diely budú zamerané na dane upravené zákonmi FZ, po nich budú nasledovať dane spadajúce do kompetencie republík. Charakteristika zákona o sústave daní. Zákony o dani z pridanej hodnoty (DPH). Prednosti DPH....

ver descrição completa

Na minha lista:
Detalhes bibliográficos
Autor principal: Klak, J.
Formato: Capítulo de Livro
Idioma:tcheco
Assuntos:
Tags: Adicionar Tag
Sem tags, seja o primeiro a adicionar uma tag!

MARC

LEADER 00000naa a2200000 4500
001 r007651
005 20220831083544.0
041 0 |a cze 
044 |a [CS] 
245 1 0 |a Československá daňová reforma. 1.  |c J. Klak 
520 |a Zahájenie seriálu, v ktorom budú predstavené jednotlivé dane platné od r. 1993. Úvodné štyri diely budú zamerané na dane upravené zákonmi FZ, po nich budú nasledovať dane spadajúce do kompetencie republík. Charakteristika zákona o sústave daní. Zákony o dani z pridanej hodnoty (DPH). Prednosti DPH. Pravidlá umožňujúce dosiahnutie predpokladaného efektu DPH. 
610 2 0 |a dane 
610 2 0 |a sústava daňová 
610 2 0 |a ČSFR 
610 2 0 |a 1993 
610 2 0 |a dane z hodnoty pridanej 
610 2 0 |a reformy hospodárske 
100 1 |a Klak, J.